000 00618nam a2200253Ia 4500
005 20260121161127.0
008 008 260114s9999 xx 000 0 eng d
020 _a9781315033310
037 _aEBOOK
040 _aCRL
040 _beng
040 _cCRL
041 _2eng
041 _aeng
084 _qCRL
100 _a Thomas J. Hutchinson
_91040534
245 0 _aTen Years of Wanderings Among the Ethiopians
260 _bTaylor and Francis
260 _c1967
856 _uhttp://www.taylorfrancis.com/books/9781315033310
942 _cEBOOK
999 _c1607350
_d1607350